Anmerkung zum Urteil des Bundesgerichtshofs vom 13.2.1996 - VI ZR 402/94

Saved in:
Bibliographic Details
Main Author: Laufs, Adolf (Author)
Format: Article (Journal)
Language:German
Published: 1996
In: Nachschlagewerk des Bundesgerichtshofs
Year: 1996, Issue: 164, Pages: 1248-1250
ISSN:0949-3476
Online Access: Get full text
Author Notes:Adolf Laufs

MARC

LEADER 00000caa a22000002c 4500
001 1647324513
003 DE-627
005 20220816093524.0
007 tu
008 160722s1996 xx ||||| 00| ||ger c
035 |a (DE-627)1647324513 
035 |a (DE-576)475138791 
035 |a (DE-599)BSZ475138791 
035 |a (OCoLC)1341198925 
040 |a DE-627  |b ger  |c DE-627  |e rda 
041 |a ger 
084 |a 19  |2 sdnb 
100 1 |a Laufs, Adolf  |d 1935-2014  |e VerfasserIn  |0 (DE-588)10594131X  |0 (DE-627)481945652  |0 (DE-576)161921191  |4 aut 
245 1 0 |a Anmerkung zum Urteil des Bundesgerichtshofs vom 13.2.1996 - VI ZR 402/94  |c Adolf Laufs 
264 1 |c 1996 
300 |a 3 
336 |a Text  |b txt  |2 rdacontent 
337 |a ohne Hilfsmittel zu benutzen  |b n  |2 rdamedia 
338 |a Band  |b nc  |2 rdacarrier 
773 0 8 |i Enthalten in  |a Deutschland. Bundesgerichtshof  |t Nachschlagewerk des Bundesgerichtshofs  |d München : Beck, 1951  |g (1996) BGB § 823 (Aa) Nr. 164 (7/1996)  |w (DE-627)166502219  |w (DE-600)207055-8  |w (DE-576)014892340  |x 0949-3476  |7 nnas 
773 1 8 |g year:1996  |g number:164  |g pages:1248-1250  |g extent:3  |a Anmerkung zum Urteil des Bundesgerichtshofs vom 13.2.1996 - VI ZR 402/94 
951 |a AR 
992 |a 20160722 
993 |a Article 
994 |a 1996 
998 |g 10594131X  |a Laufs, Adolf  |m 10594131X:Laufs, Adolf  |d 20000  |d 20600  |e 20000PL10594131X  |e 20600PL10594131X  |k 0/20000/  |k 1/20000/20600/  |p 1  |x j  |y j 
999 |a KXP-PPN1647324513  |e 332249716X 
BIB |a Y 
SER |a journal 
JSO |a {"origin":[{"dateIssuedDisp":"1996","dateIssuedKey":"1996"}],"recId":"1647324513","title":[{"title":"Anmerkung zum Urteil des Bundesgerichtshofs vom 13.2.1996 - VI ZR 402/94","title_sort":"Anmerkung zum Urteil des Bundesgerichtshofs vom 13.2.1996 - VI ZR 402/94"}],"id":{"eki":["1647324513"]},"physDesc":[{"extent":"3 S."}],"type":{"bibl":"article-journal"},"person":[{"family":"Laufs","given":"Adolf","role":"aut","display":"Laufs, Adolf"}],"language":["ger"],"name":{"displayForm":["Adolf Laufs"]},"relHost":[{"language":["ger"],"recId":"166502219","part":{"year":"1996","pages":"1248-1250","extent":"3","issue":"164","text":"(1996) BGB § 823 (Aa) Nr. 164 (7/1996)"},"title":[{"title_sort":"Nachschlagewerk des Bundesgerichtshofs","title":"Nachschlagewerk des Bundesgerichtshofs"}],"disp":"Deutschland. BundesgerichtshofNachschlagewerk des Bundesgerichtshofs","name":{"displayForm":["Bearb. [Fritz] Lindenmaier und [Philipp] Möhring"]},"person":[{"family":"Lindenmaier","given":"Fritz","role":"ctb","display":"Lindenmaier, Fritz"},{"family":"Möhring","display":"Möhring, Philipp","role":"ctb","given":"Philipp"}],"type":{"bibl":"periodical"},"corporate":[{"role":"aut","display":"Deutschland"},{"display":"Deutschland","role":"isb"}],"id":{"zdb":["207055-8"],"issn":["0949-3476"],"eki":["166502219"]},"titleAlt":[{"title":"LM"},{"title":"Nachschlagewerk des BGH"}],"origin":[{"publisher":"Beck","dateIssuedKey":"1951","dateIssuedDisp":"1951-2002","publisherPlace":"München"}],"pubHistory":["1950(1951) - 2002"],"note":["Losebl.-Ausg"]}]} 
SRT |a LAUFSADOLFANMERKUNGZ1996